000 00429nam a2200169Ia 4500
008 230711s9999||||xx |||||||||||||| ||und||
041 _aENG
082 _a720
_bPA-S
100 _aAmbrose,James
245 0 _aSimplified engineering for architects and builders
250 _a1st . Ed.
260 _c1993
_aNew York
_bJohn Wiley & Sons.Inc
300 _a673
650 _aArchitecture
700 _aTripeny,Patrick
942 _cBK
999 _c2468
_d2468